| 000 | 01108nam a2200265Ia 4500 | ||
|---|---|---|---|
| 003 | OSt | ||
| 005 | 20220923222111.0 | ||
| 006 | a|||||r|||| 00| 0 | ||
| 007 | ta | ||
| 008 | 220922b |||||||| |||| 00| 0 hin d | ||
| 020 | _c20 | ||
| 024 | _a203,032 | ||
| 037 | _cTextual | ||
| 040 |
_aARTS _cARTS _bhin |
||
| 041 |
_2hin _ahin |
||
| 082 | _aO157,1M61x, 152M6 | ||
| 100 |
_aठाकुर, रवीन्द्रनाथ; अग्रवाल, भारतभूषण, अनु. _9165932 |
||
| 245 | 0 | _aरवीन्द्रनाथ ठाकुर की चुनी हुई कविताएं और गीत | |
| 246 | _aRavīndranāth ṭhākur kī chunī huī kavitāean aur gīta | ||
| 260 |
_aदिल्ली _b सन्मार्ग प्रकाशन _c1986 |
||
| 300 |
_a83पृ. _ccm. |
||
| 650 |
_aबंगाली साहित्य _9156264 |
||
| 942 |
_hO157,1M61x, 152M6 _cTEXL _2CC |
||
| 999 |
_c353813 _d353813 |
||